| 000 -LEADER |
| fixed length control field |
nam a22 7a 4500 |
| 005 - DATE AND TIME OF LATEST TRANSACTION |
| control field |
20181001065533.0 |
| 008 - FIXED-LENGTH DATA ELEMENTS--GENERAL INFORMATION |
| fixed length control field |
180323b xxu||||| |||| 00| 0 eng d |
| 020 ## - IDENTIFIER FOR THE MANIFESTATION |
| Identifier for the Manifestation |
9789710070763 |
| Binding |
paperback |
| 040 ## - CATALOGING SOURCE |
| Language of Cataloging |
eng |
| Transcribing Agency |
APEC Schools Library |
| Description Conventions |
rda |
| 082 ## - DEWEY DECIMAL CLASSIFICATION NUMBER |
| Classification number |
F 153.6 |
| Author's Number |
Sa551h 2014 |
| 100 1# - CREATOR |
| Preferred Name of the Person |
Sanchez, Bo. |
| 245 10 - TITLE AND STATEMENT OF RESPONSIBILITY |
| Preferred Title Proper |
How to deal with difficult people : |
| Remainder of Title |
learn the art of protecting yourself from the vampires in your life - and loving them wisely / |
| Statement of Responsibility/Parallel Statement of Responsibility |
by Bo Sanchez. |
| 264 ## - PUBLICATION STATEMENT |
| Place of publication, distribution, etc |
Quezon City, PH : |
| Publisher's Name/Parallel Publisher's Name |
Shepherd's Voice Publications, |
| Copyright |
©2014. |
| Date of Publication |
[2014]. |
| 300 ## - PHYSICAL DESCRIPTION |
| Extent |
130 pages ; |
| Dimensions |
23 cm |
| 336 ## - RDA CONTENT |
| Source |
rdacontent |
| Content Type |
text |
| 337 ## - RDA MEDIA |
| Source |
rdamedia |
| Media Type |
unmediated |
| 338 ## - RDA CARRIER |
| Source |
rdacarrier |
| Carrier Type |
volume |
| 505 0# - CONTENTS |
| Related Work = Contents |
Introduction 7 -- Book 1: When You're Surrounded by Vampires 11 -- How to Spot a Vampire 13 -- 3 General Kinds of Vampires 15 -- 8 Most Common Types of Vampires 19 -- Why Are Difficult People Difficult? 31 -- How to Protect Yourself from a Vampire 35 -- A Mysterious Old Man 37 -- Many Get Beaten to Eat the Bread 41 -- Protection #1: Walk Out and Find Bread Elsewhere 45 -- Protection #2: Protect Your Head and Eat your Bread 49 -- How to Transform a Vampire 55 -- Four Human Responses to Difficult People 57 -- How Do You Take the Stick Away? 63 -- A Story of Loving Vampires 67 -- Book 2: When You're the Vampire 71 -- Dealing with Impatience 73 -- Where Does Your Impatience Come From? 73 -- Where Does Your Impatience Come From? 75 -- What's Your Response to People's Faults? 79 -- Emergency Steps: Stop, Look and Listen 83 -- A Word to Parents with Temper Problems 89 -- Relax and Trust in God's Love More 93 -- Dealing with Envy 97 -- The Two Phases of Envy 99 -- How Do You Know If You Have Envy? 105 -- Going to the Root of All Envy 107 -- Two Powerful Steps to Get Rid of Envy 109 -- Dealing with Unforgiveness 115 -- Epilogue 129 -- About the Author 132 |
| 520 2# - SUMMARIZATION OF THE CONTENT |
| Summarization of the Content |
"After preaching a series of talks on How to Deal with Difficult People, many people came up to Bo Sanchez, scolding him for not giving this message sooner. Because for the first time in their lives, they felt liberated. Suddenly, they knew what to do with the toxic people in their lives. This book will emancipate many people from years and years of suffering. It will show you the path to authentic love."-- |
| 650 ## - ADDED SUBJECT ACCESS POINT - TOPICAL TERM |
| Topical Term |
Interpersonal communication. |
| 942 ## - ADDED ENTRY ELEMENTS (KOHA) |
| Source of Classification |
|
| Koha Item Type |
Books |